[Event "FAI-ch qual"]
[Site "Faroe Islands"]
[Date "1997.??.??"]
[Round "?"]
[White "Justinussen, Sigurd B"]
[Black "Gaard, Johan"]
[Result "1-0"]
[WhiteElo "1635"]
[BlackElo "1705"]
[PlyCount "41"]
[EventDate "1997.??.??"]
[EventType "swiss"]
[EventRounds "7"]
[EventCountry "FAI"]
[SourceTitle "EXT 2006"]
[Source "ChessBase"]
[SourceDate "2005.11.24"]
[SourceVersion "1"]
[SourceVersionDate "2005.11.24"]
[SourceQuality "1"]

1. e4 e5 2. Nf3 Nc6 3. Bb5 f5 4. d3 fxe4 5. dxe4 d6 6. Bg5 Nf6 7. Nc3 Bg4 8. Nd5 Be7 9. Bxf6 Bxf6 10. h3 Bxf3 11. Qxf3 0-0 12. Nxf6+ Rxf6 13. Qb3+ Kh8 14. Bxc6 bxc6 15. f3 Rg6 16. Rg1 Rb8 17. Qc3 Qd7 18. 0-0-0 Rf6 19. b3 Rb5 20. a4 Rc5 21. Qxc5 1-0